| 000 | 01527cam a22004214a 4500 | ||
|---|---|---|---|
| 001 | 12841011 | ||
| 003 | OSt | ||
| 005 | 20251215110256.0 | ||
| 008 | 020702s2003 njua b 001 0 eng | ||
| 010 | _a 2002073889 | ||
| 020 |
_a0805839682 _qcloth |
||
| 020 |
_a0805839690 _qpaper |
||
| 020 |
_a9780805839685 _q(cloth) |
||
| 020 |
_a9780805839692 _q(paper) |
||
| 035 | _a12841011 | ||
| 040 |
_aDLC _cDLC _dDLC |
||
| 042 | _apcc | ||
| 050 | 0 | 0 |
_aLB1573.5 _b.O62 2003 |
| 082 | 0 | 0 |
_a372.67/7 _221 |
| 245 | 0 | 0 |
_aOn reading books to children : _bparents and teachers / _cedited by Steven A. Stahl, Anne van Kleeck, Eurydice B. Bauer. |
| 260 |
_aMahwah, N.J. : _bL. Erlbaum Associates, _c2003. |
||
| 300 |
_axiii, 403 p. : _bill. ; _c24 cm. |
||
| 336 |
_atext _btxt _2rdacontent |
||
| 337 |
_aunmediated _bn _2rdamedia |
||
| 338 |
_avolume _bnc _2rdacarrier |
||
| 504 | _aIncludes bibliographical references and indexes. | ||
| 650 | 0 | _aOral reading. | |
| 650 | 0 | _aStorytelling. | |
| 650 | 0 |
_aChildren _xBooks and reading. |
|
| 700 | 1 | _aStahl, Steven A. | |
| 700 | 1 | _aVan Kleeck, Anne. | |
| 700 | 1 |
_aBauer, Eurydice B. _q(Eurydice Bouchereau) |
|
| 856 | 4 | 2 |
_3Publisher description _uhttp://www.loc.gov/catdir/enhancements/fy0709/2002073889-d.html |
| 906 |
_a7 _bcbc _corignew _d1 _eocip _f20 _gy-gencatlg |
||
| 942 |
_2lcc _cBK |
||
| 999 |
_c265551 _d265550 |
||